Ashes to ashes, crust to crust / (Record no. 403446)
[ view plain ]
| 000 -LEADER | |
|---|---|
| fixed length control field | 01693nam a2200433 i 4500 |
| 001 - CONTROL NUMBER | |
| control field | 3431961 |
| 005 - DATE AND TIME OF LATEST TRANSACTION | |
| control field | 20250108181109.0 |
| 008 - FIXED-LENGTH DATA ELEMENTS--GENERAL INFORMATION | |
| fixed length control field | 230612s2023 nyu 000 1 eng d |
| 020 ## - INTERNATIONAL STANDARD BOOK NUMBER | |
| International Standard Book Number | 9781250792457 : |
| Terms of availability | $8.99 |
| 020 ## - INTERNATIONAL STANDARD BOOK NUMBER | |
| International Standard Book Number | 1250792452 : |
| Terms of availability | $8.99 |
| 035 ## - SYSTEM CONTROL NUMBER | |
| System control number | (OCoLC)1340645829 |
| 035 ## - SYSTEM CONTROL NUMBER | |
| System control number | (OCoLC)on1340645829 |
| 040 ## - CATALOGING SOURCE | |
| Original cataloging agency | PABRO |
| Language of cataloging | eng |
| Description conventions | rda |
| Transcribing agency | PABRO |
| 050 #4 - LIBRARY OF CONGRESS CALL NUMBER | |
| Classification number | PS3617.U44 |
| Item number | A84 2023 |
| 082 04 - DEWEY DECIMAL CLASSIFICATION NUMBER | |
| Classification number | 813/.6 |
| Edition number | 23 |
| 092 ## - LOCALLY ASSIGNED DEWEY CALL NUMBER (OCLC) | |
| Classification number | adult fiction |
| Item number | Quigley |
| 100 1# - MAIN ENTRY--PERSONAL NAME | |
| Personal name | Quigley, Mindy, |
| Relator term | author. |
| 9 (RLIN) | 6482037 |
| 245 10 - TITLE STATEMENT | |
| Title | Ashes to ashes, crust to crust / |
| Statement of responsibility, etc | Mindy Quigley. |
| 264 #1 - Production, Publication, Distribution, Manufacture, and Copyright Notice. | |
| Place of production, publication, distribution, manufacture | New York, NY : |
| Name of producer, publisher, distributor, manufacturer | St. Martin's Paperbacks, |
| Date of production, publication, distribution, manufacture, or copyr | [2023] |
| 300 ## - PHYSICAL DESCRIPTION | |
| Extent | viii, 310 pages ; |
| Dimensions | 18 cm. |
| 336 ## - Content Type | |
| Content type term | text |
| 337 ## - Media type | |
| Media type term | unmediated |
| 338 ## - Carrier type | |
| Carrier type term | volume |
| 490 1# - SERIES STATEMENT | |
| Series statement | Deep dish mystery : |
| Volume number/sequential designation | 2. |
| 650 #0 - SUBJECT ADDED ENTRY--TOPICAL TERM | |
| Topical term or geographic name as entry element | Murder |
| General subdivision | Investigation |
| Form subdivision | Fiction. |
| 9 (RLIN) | 5673630 |
| 650 #0 - SUBJECT ADDED ENTRY--TOPICAL TERM | |
| Topical term or geographic name as entry element | Pizzerias |
| Form subdivision | Fiction. |
| 9 (RLIN) | 6407146 |
| 650 #7 - SUBJECT ADDED ENTRY--TOPICAL TERM | |
| Topical term or geographic name as entry element | FICTION / Mystery & Detective / Cozy / Culinary. |
| Source of heading or term | bisacsh |
| 9 (RLIN) | 5779475 |
| 650 #7 - SUBJECT ADDED ENTRY--TOPICAL TERM | |
| Topical term or geographic name as entry element | FICTION / Mystery & Detective / Women Sleuths. |
| Source of heading or term | bisacsh |
| 9 (RLIN) | 5687182 |
| 650 #7 - SUBJECT ADDED ENTRY--TOPICAL TERM | |
| Topical term or geographic name as entry element | FICTION / Mystery & Detective / Amateur Sleuth. |
| Source of heading or term | bisacsh |
| 9 (RLIN) | 5740695 |
| 655 #0 - INDEX TERM--GENRE/FORM | |
| Genre/form data or focus term | Detective and mystery stories. |
| 655 #7 - INDEX TERM--GENRE/FORM | |
| Genre/form data or focus term | Detective and mystery fiction. |
| Source of term | lcgft |
| 9 (RLIN) | 5683641 |
| 655 #7 - INDEX TERM--GENRE/FORM | |
| Genre/form data or focus term | Mystery fiction. |
| Source of term | gsafd |
| 800 1# - SERIES ADDED ENTRY--PERSONAL NAME | |
| Personal name | Quigley, Mindy. |
| Title of a work | Deep dish mystery. |
| 9 (RLIN) | 6482038 |
| 942 ## - ADDED ENTRY ELEMENTS (KOHA) | |
| Source of classification or shelving scheme | Dewey Decimal Classification |
| Koha item type | BOOK |
| Withdrawn status | Lost status | Source of classification or shelving scheme | Damaged status | Not for loan | Collection code | Home library | Current library | Shelving location | Date acquired | Source of acquisition | Serial Enumeration / chronology | Total Checkouts | Full call number | Barcode | Date last seen | Date checked out | Cost, replacement price | Price effective from | Koha item type |
|---|---|---|---|---|---|---|---|---|---|---|---|---|---|---|---|---|---|---|---|
| Dewey Decimal Classification | Fiction | Wasatch County Library | Wasatch County Library | First Floor | 01/08/2025 | Amazon | #2 Deep Dish Mysteries | 3 | F Quigley | 34301002142489 | 01/29/2026 | 01/22/2026 | 9.99 | 01/08/2025 | BOOK |
